Projection selection dependency in binary tomography

It has already been shown that the choice of projection angles can significantly influence the quality of reconstructions in discrete tomography. In this contribution we summarize and extend the previous results by explaining and demonstrating the effects of projection selection dependency, in a set...

Teljes leírás

Elmentve itt :
Bibliográfiai részletek
Szerzők: Varga László
Balázs Péter
Nagy Antal
Testületi szerző: Conference for PhD Students in Computer Science (7.) (2010) (Szeged)
Dokumentumtípus: Cikk
Megjelent: 2011
Sorozat:Acta cybernetica 20 No. 1
Kulcsszavak:Számítástechnika, Tomográfia, Orvostudomány - számítógép alkalmazása
Tárgyszavak:
doi:10.14232/actacyb.20.1.2011.12

Online Access:http://acta.bibl.u-szeged.hu/12905
LEADER 01939nab a2200289 i 4500
001 acta12905
005 20220617141901.0
008 161015s2011 hu o 0|| eng d
022 |a 0324-721X 
024 7 |a 10.14232/actacyb.20.1.2011.12  |2 doi 
040 |a SZTE Egyetemi Kiadványok Repozitórium  |b hun 
041 |a eng 
100 1 |a Varga László 
245 1 0 |a Projection selection dependency in binary tomography  |h [elektronikus dokumentum] /  |c  Varga László 
260 |c 2011 
300 |a 167-187 
490 0 |a Acta cybernetica  |v 20 No. 1 
520 3 |a It has already been shown that the choice of projection angles can significantly influence the quality of reconstructions in discrete tomography. In this contribution we summarize and extend the previous results by explaining and demonstrating the effects of projection selection dependency, in a set of experimental software tests. We perform reconstructions of software phantoms, by using different binary tomography reconstruction algorithms, from different equiangular and non-equiangular projections sets, under various conditions (i.e., when the objects to be reconstructed undergo slight topological changes, or the projection data is affected by noise) and compare the results with suitable approaches. Based on our observations, we reveal regularities in the resulting data and discuss possible consequences of such projection selection dependency in binary tomography. 
650 4 |a Természettudományok 
650 4 |a Számítás- és információtudomány 
650 4 |a Orvos- és egészségtudomány 
650 4 |a Klinikai orvostan 
695 |a Számítástechnika, Tomográfia, Orvostudomány - számítógép alkalmazása 
700 0 1 |a Balázs Péter  |e aut 
700 0 1 |a Nagy Antal  |e aut 
710 |a Conference for PhD Students in Computer Science (7.) (2010) (Szeged) 
856 4 0 |u http://acta.bibl.u-szeged.hu/12905/1/actacyb_20_1_2011_12.pdf  |z Dokumentum-elérés